000 00279pam a2200133 a 4500
020 _c
041 _h
082 _a920
_bBHA
100 _aBhave, S
245 _aJeevanagandha
_hTextual Documents
260 _aPune
_bShrividhy Prakashan
_c1987
300 _a137
930 _a9937
999 _c116762
_d116762